000 00337nam a2200157Ia 4500
100 _aHarwani/B.M
650 _aunix
942 _cBK
366 _f25
654 _aunix
245 _aUnix and shell programming
260 _bOxford university press
_c2013
082 _a5.13
_bHAR
300 _a701
546 _aENGLISH
_celectronics
999 _c24127
_d24127